000 00262nam a2200109Ia 4500
008 230320s9999||||xx |||||||||||||| ||spa||
082 _a869.56/Y81
100 _aYauri Montero, Marcos
245 0 _aReina Del Viento, Leyendas
260 _bAZALEA
942 _80
_cLIB
999 _c37304
_d37304